J. Arraga / (Registro nro. 4969)
[ vista simple ]
| 000 -CABECERA | |
|---|---|
| campo de control de longitud fija | 00806cam a2200217 a 4500 |
| 001 - NÚMERO DE CONTROL | |
| campo de control | 000005166 |
| 005 - FECHA Y HORA DE LA ÚLTIMA TRANSACCIÓN | |
| campo de control | 20200929151610.0 |
| 008 - DATOS DE LONGITUD FIJA--INFORMACIÓN GENERAL | |
| campo de control de longitud fija | 801113s1972 ve ac b 000 0bspa |
| 040 ## - FUENTE DE LA CATALOGACIÓN | |
| Centro catalogador/agencia de origen | DO-SdBNP |
| Centro/agencia transcriptor | DLC |
| Centro/agencia modificador | BNPHU |
| 082 ## - NÚMERO DE LA CLASIFICACIÓN DECIMAL DEWEY | |
| Número de clasificación | 759.987 |
| Número de documento/Ítem | A773C |
| 100 1# - ENTRADA PRINCIPAL--NOMBRE DE PERSONA | |
| Nombre de persona | Calzadilla, Juan. |
| Fechas asociadas al nombre | 1931- |
| 9 (RLIN) | 14066 |
| 245 13 - MENCIÓN DE TÍTULO | |
| Título | J. Arraga / |
| Mención de responsabilidad, etc. | Juan Calzadilla. |
| 260 ## - PUBLICACIÓN, DISTRIBUCIÓN, ETC. | |
| Lugar de publicación, distribución, etc. | Caracas :, |
| Fecha de publicación, distribución, etc. | 1972 |
| Fabricante | (Graficas Armitano) |
| 300 ## - DESCRIPCIÓN FÍSICA | |
| Extensión | 132 p. : |
| Otras características físicas | il., retrs. ; |
| Dimensiones | 27 cm. |
| 504 ## - NOTA DE BIBLIOGRAFÍA, ETC. | |
| Nota de bibliografía, etc. | Bibliografías: p. 131-132. |
| 600 10 - PUNTO DE ACCESO ADICIONAL DE MATERIA--NOMBRE DE PERSONA | |
| Nombre de persona | ARRAGA MORALES, JULIO CÉSAR, |
| Fechas asociadas al nombre | 1872-1928 |
| Subdivisión general | BIOGRAFÍA |
| 9 (RLIN) | 14784 |
| 600 10 - PUNTO DE ACCESO ADICIONAL DE MATERIA--NOMBRE DE PERSONA | |
| Nombre de persona | ARRAGA MORALES, JULIO CÉSAR, |
| Fechas asociadas al nombre | 1872-1928 |
| Subdivisión general | CRÍTICA E INTERPRETACIÓN |
| 9 (RLIN) | 14785 |
| 650 #4 - PUNTO DE ACCESO ADICIONAL DE MATERIA--TÉRMINO DE MATERIA | |
| Término de materia o nombre geográfico como elemento de entrada | Pintores venezolanos |
| Subdivisión general | Biografía |
| 9 (RLIN) | 14786 |
| 650 #4 - PUNTO DE ACCESO ADICIONAL DE MATERIA--TÉRMINO DE MATERIA | |
| Término de materia o nombre geográfico como elemento de entrada | Pintores venezolanos |
| Subdivisión general | Crítica e interpretación |
| 9 (RLIN) | 14787 |
| 910 ## - DATOS DE OPCIÓN DEL USUARIO (OCLC) | |
| Datos de opción del usuario | Catalogación por copia / LC |
| Estado de retiro | Estado de pérdida | Restricciones de uso | No para préstamo | Código de colección | Localización permanente | Ubicación/localización actual | Ubicación en estantería | Fecha de adquisición | Número de inventario | Total de préstamos | Signatura topográfica completa | Código de barras | Fecha visto por última vez | Precio válido a partir de | Tipo de ítem Koha |
|---|---|---|---|---|---|---|---|---|---|---|---|---|---|---|---|
| Préstamo interno | Monografías: Libros y Folletos | General | General | En catalogación | 29.07.2009 | LF1 | 759.987 A773C | 5166-10 | 25.06.2020 | 25.06.2020 | Préstamo interno |
